| 000 | 00614nam a2200205Ia 4500 | ||
|---|---|---|---|
| 001 | 5734 | ||
| 003 | GE_BSU | ||
| 008 | 181216s||||||||xx |||||||||||||| ||und|| | ||
| 040 | _cGE_BSU | ||
| 080 | _a517.1+517.51 | ||
| 100 | _aГельбаум Б., Олмстед Дж. | ||
| 245 | _aКонтрпримеры в анализе | ||
| 245 | _cПод ред. П.Л.Ульянова Пер. с английского Б.И. Голубова | ||
| 260 | _aМосква. | ||
| 260 | _bМир", | ||
| 260 | _c1967 | ||
| 300 | _a251с 20 см. | ||
| 653 | _aКонтрпримеры в анализе | ||
| 942 | _cBK | ||
| 999 |
_c39151 _d39151 |
||